SIGNALS SYSTEMS AND TRANSFORMS 3RD ED (Record no. 50705)

MARC details
000 -LEADER
fixed length control field 00479pam a2200169 a 4500
020 ## - INTERNATIONAL STANDARD BOOK NUMBER
Terms of availability PAPER BACK
041 ## - LANGUAGE CODE
Language code of original
082 ## - DEWEY DECIMAL CLASSIFICATION NUMBER
Classification number 621.38
Item number PHI/PAR
100 ## - MAIN ENTRY--PERSONAL NAME
Personal name PHILIPS C.L. PARR J.M.,AND RISKIN E.A.
245 ## - TITLE STATEMENT
Title SIGNALS SYSTEMS AND TRANSFORMS 3RD ED
Medium Textual Documents
250 ## - EDITION STATEMENT
Edition statement 01-01-2004
260 ## - PUBLICATION, DISTRIBUTION, ETC.
Name of publisher, distributor, etc. PEARSON EDUCATION (INDIA) PTE., LTD., DELHI
300 ## - PHYSICAL DESCRIPTION
Extent XX/769
Dimensions 24 X 18
500 ## - GENERAL NOTE
General note 7932
653 ## - INDEX TERM--UNCONTROLLED
Uncontrolled term ELECTRONIC DESIGN and SOFTWARE TECHNIQUES
930 ## - EQUIVALENCE OR CROSS-REFERENCE-UNIFORM TITLE HEADING [LOCAL, CANADA]
Uniform title 7480
Holdings
Withdrawn status Lost status Damaged status Not for loan Collection Home library Current library Shelving location Date acquired Source of acquisition Cost, normal purchase price Total Checkouts Full call number Barcode Date last seen Date last checked out Copy number Price effective from Koha item type
        EWP College of Engineering for Women, Pune College of Engineering for Women, Pune WE 24/01/2005 SAMEER BOOK DEPOT 350.00 1 621.38 PHI/PAR EWP-7436 16/04/2026 16/04/2026 1 24/02/2023 Book